[Event "AZE-ch Women 2020"]
[Site "Baku"]
[Date "2020.03.11"]
[Round "7.2"]
[White "Beydullayeva, Govhar"]
[Black "Fataliyeva, Ulviyya"]
[Result "1-0"]
[WhiteElo "2237"]
[BlackElo "2377"]
[Annotator "TA"]
[PlyCount "159"]
[EventDate "2020.03.04"]
[EventType "tourn"]
[EventCountry "AZE"]
[SourceTitle "playchess.com"]
[Source "ChessBase"]
[SourceQuality "1"]

{[%evp 23,159,57,46,46,82,74,77,76,92,70,60,62,58,55,70,-4,0,0,8,41,83,97,118,118,117,98,135,121,154,88,135,125,159,127,154,141,146,131,136,136,139,135,246,243,333,319,341,316,307,211,258,214,211,229,210,222,235,213,206,168,222,297,288,281,264,218,213,213,213,0,145,0,185,35,35,35,38,35,408,232,232,232,232,232,670,666,516,0,141,8,8,0,8,0,0,0,0,0,0,0,0,0,0,0,0,0,0,0,0,0,0,0,0,0,0,0,0,0,0,0,0,0,29977,0,0,0,0,0,29977,29978,29977,29978,29976,29979,29979,29980,29978,29979]} 1. Nf3 d5 2. g3 c5 3. Bg2 Nc6 4. d4 e6 5. O-O Nf6 6. c4 Be7 7. cxd5 exd5 8. Nc3 O-O 9. Bg5 c4 10. Ne5 Be6 11. b3 Qa5 {was the old line (11...h6).} 12. Nxc6 bxc6 13. Qd2 {Strongly threatening Nxd5. D34: Tarrasch Defence: 6 g3 Nf6 7 Bg2 Be7.} Rfd8 14. bxc4 dxc4 15. Bxc6 {White is better.} Rab8 16. Bxf6 Bxf6 17. e3 Be7 {[#]} 18. Qc2 $146 ({Predecessor:} 18. Rac1 h5 19. Be4 h4 20. Qc2 Bb4 21. d5 Bd7 22. Ne2 Bd2 23. Rb1 c3 24. Nd4 {0-1 (44) Gleizerov,E (2562)-Mallahi,A (2426) Teheran 2006}) 18... h5 19. f4 ({White should try} 19. Bf3 $14) 19... Bf5 20. Be4 Bxe4 21. Nxe4 Qf5 22. Rac1 Ba3 {White must now prevent ...Rb2.} 23. Ng5 $1 Qxc2 24. Rxc2 Rdc8 25. Nf3 Rb4 26. Rd1 (26. Kf2 $142 $1) 26... c3 27. Ne1 Rb6 28. Nd3 Rc7 29. Kf2 f6 30. e4 Rc4 31. Ke3 Rd6 32. Nc1 Bb2 (32... Bxc1+ $16 33. Rcxc1 c2) 33. Ne2 Ra6 34. d5 Kf8 35. Rd4 Rc8 36. Kd3 Rxa2 37. Rc4 (37. Nxc3 $6 Rxc3+ 38. Rxc3 Bxc3 $18) 37... Rxc4 38. Kxc4 $18 {[%mdl 4096] Endgame KRB-KRN} Ra4+ 39. Kd3 a5 40. Nxc3 Rb4 41. Nd1 Rd4+ (41... Rb3+ $142 42. Kc4 Rb4+ 43. Kd3 Rb3+ 44. Kc4 Rb4+ 45. Kd3) 42. Ke3 Rxd1 43. Rxb2 {KR-KR} f5 44. Rb8+ (44. exf5 Rxd5 45. Ke4 Rc5 $14) 44... Kf7 45. Rb7+ (45. exf5 $6 Rxd5 46. Ke4 Rc5 $14) 45... Kf8 46. Rb8+ ({Don't do} 46. exf5 $6 Rxd5 47. Ke4 Rd2 $16) 46... Kf7 $1 47. Rb7+ ({Don't play} 47. exf5 Rxd5 48. Rb7+ Kf6 $14) 47... Kf8 $1 48. exf5 (48. Rb5 $18) 48... Rxd5 $14 49. Ke4 Rd2 50. f6 gxf6 $2 {[%mdl 8192] [#]} (50... g6 $1 $14) 51. Kf5 $1 $18 {[%cal Rf5f6]} Rxh2 52. Kxf6 {[%cal Rb7b8]} Ke8 {[#]} 53. Ra7 $1 Ra2 $2 (53... Rf2 54. Rxa5 h4 55. Re5+ (55. gxh4 Rxf4+ 56. Kg5 Rf1 $16) 55... Kd7 56. gxh4 Rxf4+ 57. Kg5 Rf8) 54. Rh7 Rh2 55. Ra7 $2 (55. Rh8+ $18 {is more deadly.} Kd7 56. g4) 55... Ra2 $16 56. f5 (56. Ra8+ $16 Kd7 57. Rh8) 56... Ra3 $11 57. Ra8+ Kd7 58. Kf7 Rxg3 59. Rxa5 h4 60. f6 h3 61. Rd5+ Kc6 62. Rh5 Rf3 63. Ke7 {Threatens to win with f7.} Re3+ 64. Kf8 Rf3 65. f7 Kd7 66. Rh6 Rg3 67. Rh4 Rf3 68. Rh5 Ke6 69. Rh6+ Kd7 $1 70. Rh4 Ke6 71. Re4+ Kd7 72. Re2 Kd8 $2 {[%mdl 8192]} (72... Rg3 $11) 73. Rd2+ $2 (73. Kg7 {mates} h2 74. Rxh2 Rg3+ 75. Kf8 Rg1 76. Rh8 Kd7 77. Rh7 Rg3 78. Rg7) 73... Kc7 74. Rc2+ Kd7 75. Re2 $2 {[%mdl 8192]} (75. Kg7 $11 Rg3+ 76. Kf6 Rf3+ 77. Kg7 Rg3+ 78. Kf6 Rf3+ 79. Kg7) 75... Kd8 76. Kg7 {White mates.} h2 77. Rxh2 Rg3+ 78. Kf8 Kd7 79. Rd2+ Kc7 80. Rd4 {Accuracy: White = 77%, Black = 70%.} 1-0

[Event "AZE-ch Women 2020"]
[Site "Baku"]
[Date "2020.03.11"]
[Round "7.3"]
[White "Ismayil, Malak"]
[Black "Allahverdiyeva, Ayan"]
[Result "1-0"]
[WhiteElo "1974"]
[BlackElo "2053"]
[Annotator "TA"]
[PlyCount "64"]
[EventDate "2020.03.04"]
[EventType "tourn"]
[EventCountry "AZE"]
[SourceTitle "playchess.com"]
[Source "ChessBase"]
[SourceQuality "1"]

{[%evp 9,64,-22,-13,-25,-8,-38,-50,-49,-38,-48,0,0,7,0,0,5,6,0,0,-5,6,0,23,21,20,15,38,2,27,35,54,49,47,47,47,50,60,41,110,116,108,71,111,106,140,138,138,135,164,146,164,145,322,336,379,367,607]} 1. e4 e6 2. d4 d5 3. Nd2 Be7 4. Bd3 c5 5. exd5 Qxd5 6. Ngf3 {C03: French Tarrasch: Unusual Black 3rd moves.} cxd4 7. Bc4 Qd6 8. O-O {Black is slightly better.} Nf6 9. Nb3 Nc6 (9... e5 $15) 10. Nbxd4 $11 Nxd4 11. Qxd4 Qxd4 12. Nxd4 O-O 13. Bf4 {[#]} Bd7 $146 ({Predecessor:} 13... a6 14. Rfd1 Bd7 15. a4 Rac8 16. Bb3 Rfd8 17. c3 Nd5 18. Nf5 Bf8 19. Bxd5 exd5 20. Rxd5 Bxf5 21. Rxf5 {½-½ (52) Blazeka,M (2085)-Medic,M (2314) Bosnjaci 2010}) 14. c3 Rac8 15. Bb3 Rc5 16. Rfe1 Nd5 17. Bg3 Nb6 18. Rad1 a5 19. Bc2 a4 20. Nf5 $1 {[%cal Rf5e7][%mdl 64] [#] Pin} Bf6 21. Bd6 Rb5 $1 22. Bxf8 Kxf8 23. Nd4 Bxd4 ({Better is} 23... Rxb2 $14 24. Rb1 (24. Bxh7 g6 $17) 24... Rxa2 25. Rxb6 (25. Bxh7 Nd5 $11) 25... Bxd4 26. cxd4 Rxc2) 24. Rxd4 $16 Rxb2 25. Bb1 $36 {[%mdl 2048] White has strong initiative.} (25. Bxh7 g6 $15) 25... Bb5 {[#]} 26. Rb4 $1 {[%cal Rb4b2]} Rxb4 27. cxb4 {[%mdl 4096] Endgame KRB-KBN} Nd5 28. a3 (28. Bxh7 g6 $11) 28... Bc4 29. f3 ({Worse is} 29. Bxh7 g6 $11) 29... Ke7 30. Be4 ({Stronger than} 30. Bxh7 g6 $11) 30... Nc3 $2 (30... b5 $16 {was necessary.} 31. Kf2 (31. Bxh7 g6 $11) 31... h6) 31. Bxb7 $18 Bb3 32. Ba6 Bd5 $2 {Accuracy: White = 90%, Black = 54%.} (32... Bd1 33. Kf2 Kd6) 1-0

[Event "AZE-ch Women 2020"]
[Site "Baku"]
[Date "2020.03.11"]
[Round "7.4"]
[White "Mamedjarova, Turkan"]
[Black "Abdulla, Khayala"]
[Result "1/2-1/2"]
[WhiteElo "2310"]
[BlackElo "2276"]
[Annotator "TA"]
[PlyCount "58"]
[EventDate "2020.03.04"]
[EventType "tourn"]
[EventCountry "AZE"]
[SourceTitle "playchess.com"]
[Source "ChessBase"]
[SourceQuality "1"]

{[%evp 10,58,-10,-24,-32,-52,-39,-50,-43,-80,-59,-58,-31,-32,-23,-27,-13,-12,-16,-20,-16,-16,-21,-25,0,0,0,0,0,0,0,2,5,0,0,0,0,0,0,0,0,0,0,0,0,0,0,0,0,0,7]} 1. c4 Nf6 2. Nc3 e5 3. g3 Bb4 4. Bg2 O-O 5. a3 Bxc3 6. dxc3 d6 {A22: English Opening: 1...e5 2 Nc3 Nf6.} 7. Bg5 h6 8. Bxf6 Qxf6 {[#] Black is slightly better.} 9. e4 $146 ({Predecessor:} 9. Nf3 Nd7 10. O-O Qe7 11. b4 Nf6 12. Qc2 e4 13. Nd4 c5 14. Nb3 Bf5 15. e3 {0-1 (25) Franko,P-Recky,N (2159) ICCF email 2015}) 9... Be6 10. Qe2 Nc6 {[%cal Bb8c6,Bc6e7,Be7f5][%mdl 32]} 11. Nf3 Bg4 12. Qd3 Qe6 13. Nd2 Bh3 14. O-O Bxg2 15. Kxg2 Ne7 16. Rae1 f5 (16... b6 {looks sharper.} 17. b3 a5 18. h3 Qd7 19. f3 Qe6) 17. f4 {The position is equal.} exf4 18. exf5 Qxf5 19. Qxf5 Nxf5 20. Rxf4 Rf7 21. Nf3 g5 22. Rfe4 Raf8 23. Re8 Rxe8 24. Rxe8+ $11 {[%mdl 4096] Endgame KRN-KRN} Rf8 25. Re2 Rf7 26. Re8+ Rf8 27. Re2 Rf7 28. Re8+ Rf8 29. Re2 Rf7 {Accuracy: White = 94%, Black = 89%.} 1/2-1/2

[Event "AZE-ch Women 2020"]
[Site "Baku"]
[Date "2020.03.11"]
[Round "7.5"]
[White "Mamedjarova, Zeinab"]
[Black "Rzali, Sabina"]
[Result "1-0"]
[WhiteElo "2278"]
[BlackElo "1921"]
[Annotator "TA"]
[PlyCount "101"]
[EventDate "2020.03.04"]
[EventType "tourn"]
[EventCountry "AZE"]
[SourceTitle "playchess.com"]
[Source "ChessBase"]
[SourceQuality "1"]

{[%evp 15,101,23,31,27,43,21,15,16,35,27,43,35,28,27,49,44,51,47,50,35,87,50,76,72,55,56,54,48,50,38,46,40,53,33,38,0,0,0,54,36,47,29,90,85,138,138,121,118,164,165,181,171,191,175,227,205,259,261,240,229,354,357,372,371,377,377,376,375,367,350,571,804,806,802,732,725,444,716,924,993,839,839,1054,994,5069,5069,5069,2147]} 1. d4 e6 2. Nf3 Nf6 3. g3 d5 4. Bg2 c5 5. c4 Be7 6. O-O O-O 7. dxc5 Bxc5 8. cxd5 exd5 9. Nc3 {D30: Queen's Gambit Declined: Systems without Nc3.} Be6 10. b3 {[#]} Qe7 $146 ({Predecessor:} 10... Nbd7 11. Bb2 Rc8 12. Qd3 h6 13. Rad1 Qe7 14. Nd4 Nb6 15. e3 Rfd8 16. Nce2 Bg4 {1-0 (55) Brito Garcia,A (2351)-Arias Alvarez,A (1677) Santa Cruz de La Palma 2017}) 11. Na4 {The position is equal.} Bd6 12. Bb2 Rd8 13. Nd4 Nc6 14. Rc1 Rac8 15. Nb5 Bb8 16. Ba3 Qe8 17. Nc5 Na5 (17... Ne5 $14 18. Nxe6 fxe6) 18. Nxe6 fxe6 19. Rxc8 Rxc8 20. Bh3 {Nd4 is the strong threat.} Nc6 21. Nd6 Bxd6 $1 22. Bxd6 Rd8 23. Ba3 e5 24. Qd2 e4 25. Rd1 d4 26. Qc2 Kh8 (26... d3 $11 27. exd3 Qh5) 27. Bb2 $1 $14 Qh5 28. Bg2 Qe5 (28... Qf5 $11 {keeps the balance.}) 29. Qc4 $16 {White stays focused until the end.} Qd5 ({Better is} 29... Rd5) 30. Qxd5 Rxd5 31. f3 d3 {[#]} 32. exd3 $1 Rxd3 33. Rxd3 exd3 $18 {[%mdl 4096] Endgame [#] KBB-KNN} 34. Kf2 $1 Nd5 (34... Nb4 {was necessary.} 35. Ke3 Nfd5+ 36. Kd2 Nxa2 37. Kxd3 Nab4+ 38. Kd4 Nf6) 35. Ke1 Ncb4 36. a3 Nc6 37. f4 Ne3 (37... Nde7 $142 38. b4 Kg8) 38. Bxc6 bxc6 {KB-KN} 39. Kd2 Nf1+ 40. Kxd3 Nxh2 41. Bd4 a6 42. Kc4 Nf3 $2 (42... Kg8 {was called for.} 43. Kc5 Nf1) 43. Bc3 {White is clearly winning.} Ng1 44. b4 Ne2 45. Be1 Nc1 46. a4 (46. g4 $142) 46... Kg8 47. a5 {[%cal Ba4a5,Ba5a6][%mdl 32]} Kf7 48. Kc5 Nd3+ 49. Kxc6 Nxe1 50. b5 axb5 51. a6 {Accuracy: White = 97%, Black = 55%.} 1-0

[Event "AZE-ch Women 2020"]
[Site "Baku"]
[Date "2020.03.12"]
[Round "8.1"]
[White "Balajayeva, Khanim"]
[Black "Rzali, Sabina"]
[Result "1-0"]
[WhiteElo "2358"]
[BlackElo "1921"]
[Annotator "TA"]
[PlyCount "59"]
[EventDate "2020.03.04"]
[EventType "tourn"]
[EventCountry "AZE"]
[SourceTitle "playchess.com"]
[Source "ChessBase"]
[SourceQuality "1"]

{[%evp 14,59,32,32,29,21,54,46,58,58,58,52,47,39,50,45,52,37,41,45,49,31,46,27,29,29,40,5,9,5,72,57,38,35,34,11,11,14,26,31,27,44,1951,1957,2262,2101,1489,1372]} 1. e4 e6 2. d4 d5 3. Nc3 dxe4 4. Nxe4 Nd7 5. Nf3 Ngf6 6. Nxf6+ Nxf6 7. Bd3 c5 8. Be3 Qc7 {C10: French with 3 Nc3: Unusual Black 3rd moves and 3...dxe4.} 9. Qe2 Nd5 10. Bb5+ Bd7 {White is slightly better.} 11. Bxd7+ Qxd7 {[#]} 12. Ne5 $146 ({Predecessor:} 12. Rd1 Qc7 13. dxc5 Nxe3 14. Qb5+ Qc6 15. Qxc6+ bxc6 16. fxe3 Bxc5 17. Ke2 Bb6 18. Rd6 {1-0 (32) Koch,C (2139)-Alexandre Bisquert,F (2016) LSS email 2014}) 12... Qa4 13. O-O {Strongly threatening Qf3.} Be7 14. b3 Qa5 15. Bd2 Qb6 $1 16. Qh5 g6 17. Qf3 f6 $1 {[%cal Rf6e5]} 18. Nc4 Qa6 $1 19. dxc5 Bxc5 20. Bh6 O-O-O 21. Rad1 g5 {[#]} (21... Qc6 $11 {keeps the balance.}) 22. Nd2 $1 $36 {[%mdl 2048] White has good play.} ({Wrong is} 22. Bg7 $2 Rhg8 $19) 22... Rhg8 23. Ne4 Be7 $1 24. c4 Nf4 $1 25. h4 $1 Qxa2 {aiming for ...Qc2.} 26. hxg5 fxg5 27. Rxd8+ {[%mdl 64] Overworked Piece} Bxd8 $4 {[%mdl 8192]} (27... Rxd8 $14 28. Bxg5 Bxg5) 28. Nc5 $18 {[%csl Gc5][%cal Rf3b7] White is clearly winning.} Nd5 29. cxd5 {Threatening mate with d6.} Qc2 {[#]} 30. Qf7 $1 {Accuracy: White = 95%, Black = 80%.} 1-0

[Event "AZE-ch Women 2020"]
[Site "Baku"]
[Date "2020.03.12"]
[Round "8.2"]
[White "Abdulla, Khayala"]
[Black "Mamedjarova, Zeinab"]
[Result "1-0"]
[WhiteElo "2276"]
[BlackElo "2278"]
[Annotator "TA"]
[PlyCount "79"]
[EventDate "2020.03.04"]
[EventType "tourn"]
[EventCountry "AZE"]
[SourceTitle "playchess.com"]
[Source "ChessBase"]
[SourceQuality "1"]

{[%evp 10,79,61,55,84,93,69,75,87,10,15,2,-9,-6,33,14,14,18,19,20,308,132,327,332,396,394,401,395,521,521,518,427,470,470,470,470,777,497,500,440,468,414,481,494,499,498,495,462,472,448,510,509,504,487,501,476,521,507,551,475,5808,5601,5601,5601,4133,1349,4132,3954,5601,5601,5585,5401]} 1. e4 d5 2. exd5 Qxd5 3. Nc3 Qd6 4. d4 Nf6 5. Nf3 a6 6. g3 b5 {B01: Scandinavian Defence.} 7. Bg2 Bb7 8. O-O e6 {[#] White is better.} 9. Ne2 $146 (9. Ne5 $16 Qb6 10. d5) ({Predecessor:} 9. Bf4 Qd8 10. Ne5 Qc8 11. d5 Bb4 12. dxe6 fxe6 13. Bxb7 Qxb7 14. Bg5 O-O 15. Bxf6 Rxf6 {1-0 (71) Khalifman,A (2653)-Polgar,Z (2577) Ruschess.com INT 2005}) 9... Nbd7 $11 10. Bf4 Qb6 11. a4 Nd5 12. axb5 axb5 13. Rxa8+ Bxa8 14. Ne5 $36 {[%mdl 2048] White has good play.} N7f6 $2 {[%mdl 8192] [#]} (14... Nxe5 $11 15. Bxe5 f6) 15. Bg5 (15. c4 $1 $18 {is the precise move to win.}) 15... Be7 $2 {Loses the game.} (15... h6 $16 {was necessary.}) 16. c4 $18 Nd7 17. Bxe7 Nxe7 18. Bxa8 c6 19. cxb5 Qxb5 20. Qd3 Qb6 21. Qa3 Nxe5 22. dxe5 f6 (22... O-O $142 23. Qxe7 Rxa8) 23. Rd1 fxe5 {If only Black now had time for ...0-0....} 24. Rf1 Kf7 25. Rc1 Rf8 {If Black can now play ...Kg8 this consolidates a bit.} 26. Bxc6 {[%mdl 64] [#] Decoy. White is clearly winning.} Nxc6 27. Qf3+ {[%mdl 64] Double Attack} Kg8 28. Rxc6 Qxb2 29. Qe3 Qb1+ 30. Rc1 Qb2 31. Rc7 h6 32. Rc5 Qa1+ 33. Kg2 Ra8 34. Qxe5 Qb1 (34... Qxe5 $142 35. Rxe5 Kf7) 35. Qxe6+ Kh8 36. Rc8+ Rxc8 37. Qxc8+ Kh7 38. Qc6 Qd3 39. Nf4 Qb1 40. h4 {Accuracy: White = 75%, Black = 34%.} 1-0

[Event "AZE-ch Women 2020"]
[Site "Baku"]
[Date "2020.03.12"]
[Round "8.3"]
[White "Allahverdiyeva, Ayan"]
[Black "Mamedjarova, Turkan"]
[Result "1-0"]
[WhiteElo "2053"]
[BlackElo "2310"]
[Annotator "TA"]
[PlyCount "91"]
[EventDate "2020.03.04"]
[EventType "tourn"]
[EventCountry "AZE"]
[SourceTitle "playchess.com"]
[Source "ChessBase"]
[SourceQuality "1"]

{[%evp 14,91,23,23,29,26,26,20,18,10,11,20,33,31,42,33,31,35,420,408,541,526,581,574,653,645,616,606,662,668,1029,1065,971,409,658,659,663,652,587,543,552,551,547,518,441,420,417,414,417,416,410,416,410,408,388,399,388,369,489,418,488,477,467,447,446,414,589,568,599,514,974,972,954,947,1146,896,1804,1625,29986,29987]} 1. e4 e5 2. Nf3 d6 3. d4 exd4 4. Nxd4 Nf6 5. Nc3 Be7 6. Be2 O-O 7. O-O c5 8. Nb3 Nc6 {C41: Philidor Defence.} 9. Be3 Re8 {[#]} 10. Qe1 $146 ({Predecessor:} 10. f4 Bf8 11. Bf3 Bf5 12. exf5 Rxe3 13. Qd2 Rxf3 14. gxf3 d5 15. Rad1 Qb6 16. Na4 Qb5 17. Nc3 Qb6 18. Na4 Qb5 19. Nc3 {½-½ (19) Glidzhain,G (2331)-Jamilov,R (2418) Ufa 2012}) 10... a6 {The position is equal.} 11. Rd1 Qc7 12. Bf4 Ne5 13. Bg5 $36 {[%mdl 2048] White has some pressure.} Be6 14. f4 Nc6 15. Qg3 Bd8 $2 {[%mdl 8192] [#] Black cannot hold the game after this.} (15... Rac8 $14) 16. e5 $1 $18 {[%mdl 512]} dxe5 {[#]} 17. Rxd8 $1 {[%mdl 576] Deflection} Qxd8 (17... Raxd8 18. Bxf6) 18. fxe5 {[%cal Rg5f6]} Kh8 {Threatening ...Nxe5!} 19. exf6 g6 20. Qh4 Bxb3 {[#]} 21. Qh6 $1 {[%csl Gf6][%cal Rh6g7][%mdl 512]} Qd4+ 22. Kh1 {[%csl Gf6][%cal Rh6g7]} Rg8 23. Rf4 (23. cxb3 $142 Rae8 24. Rf3) 23... Qxf4 (23... Bxc2 $142 24. Rh4 Qxh4 25. Qxh4 Rgd8) 24. Bxf4 {White threatens Ne4 and mate.} Bxc2 25. Bc4 Rae8 {( -> ...Re1+)} 26. h3 Nd8 27. Nd5 {Ne7 would kill now.} g5 28. Bxg5 b5 29. Ne7 {Strongly threatening Bd5.} bxc4 30. Nxg8 Rxg8 31. Qh4 Bd3 32. Bh6 {Threatens to win with Bg7+.} Ne6 {[#]} 33. Bg7+ $1 {[%mdl 576] Decoy} Nxg7 34. fxg7+ Kxg7 {[%mdl 4096] Endgame KQ-KRB} 35. Qg5+ Kh8 36. Qf6+ Rg7 37. g4 h5 38. Qh6+ Kg8 39. Qxh5 Bb1 (39... Rg6 $142 40. Qxc5 Re6) 40. a4 {[%cal Ba2a4,Ba4a5][%mdl 32]} Bc2 41. a5 f5 (41... Bd3 $142 42. Qxc5 Rg6) 42. Qe8+ Kh7 43. gxf5 Bd1 44. Kh2 Bf3 {[#]} 45. h4 $1 Bb7 46. f6 {Accuracy: White = 94%, Black = 43%.} 1-0

[Event "AZE-ch Women 2020"]
[Site "Baku"]
[Date "2020.03.12"]
[Round "8.4"]
[White "Fataliyeva, Ulviyya"]
[Black "Ismayil, Malak"]
[Result "0-1"]
[WhiteElo "2377"]
[BlackElo "1974"]
[Annotator "TA"]
[PlyCount "136"]
[EventDate "2020.03.04"]
[EventType "tourn"]
[EventCountry "AZE"]
[SourceTitle "playchess.com"]
[Source "ChessBase"]
[SourceQuality "1"]

{[%evp 15,136,-24,0,-25,-10,-27,-6,-13,8,0,1,-8,33,33,34,34,34,30,44,61,31,31,37,34,30,31,23,23,51,60,76,66,121,65,74,43,33,22,112,115,75,89,89,0,125,-141,-82,-153,1881,-235,-191,-170,-154,-281,-294,-610,-195,-202,-195,-215,-207,-205,-202,-208,-200,-313,-313,-312,-304,-305,-305,-277,-293,-684,-691,-656,-660,-453,-409,-609,-398,-707,-699,-807,-835,-701,-192,-368,-368,-396,-381,-1405,-1531,-1422,-1262,-1353,-1371,-29970,-29970,-29972,-29973,-29974,-29975,-29980,-29979,-29980,-29978,-29977,-29978,-29980,-29981,-29981,-29982,-29987,-29988,-29988,-29989,-29989,-29990,-29990,-29990,-29990,-29991]} 1. g3 Nf6 2. Bg2 d5 3. Nf3 e6 4. O-O Be7 5. d3 O-O 6. Nbd2 c5 7. e4 Nc6 8. Re1 Rb8 9. Qe2 {C00: French: Unusual White 2nd moves.} Re8 {[#]} 10. Nf1 $146 ({Predecessor:} 10. e5 Nd7 11. Nf1 b5 12. h4 a5 13. Bf4 Ba6 14. Ne3 b4 15. b3 Nb6 16. Rad1 d4 {1-0 (25) Paajala,N (1967)-Henrotte,N (1969) Maastricht 2012}) 10... b5 11. Bf4 {The position is equal.} Rb7 12. h4 d4 13. c3 Rd7 14. cxd4 Nxd4 15. Nxd4 Rxd4 16. Red1 Ba6 17. Be5 Rd7 18. Ne3 Qb6 19. b3 Red8 20. Rac1 Ne8 21. Ba1 f6 22. Bh3 Nc7 23. b4 c4 (23... cxb4 $14 24. Ng2 Bd6) 24. d4 (24. dxc4 $16 {And now Rxd7 would win.} Rxd1+ 25. Rxd1) 24... Bxb4 $14 25. d5 (25. Rb1 $5 {[%cal Rb1b4]} Qa5 26. d5 $1 $11 {[%mdl 512]}) 25... Bc5 26. dxe6 Rxd1+ (26... Rd3 $1 $11 {keeps the balance.}) 27. Rxd1 $16 Rxd1+ 28. Qxd1 {White threatens Qd8+ and mate.} Qd6 {Threatens to win with ...Qxd1+.} 29. Qf3 (29. Qh5 $1 $16 Bxe3 30. Qf7+ Kh8 31. e5 $1 {[%mdl 512]} Bxf2+ {[%mdl 64] Double Attack} 32. Kf1 $1 {[%mdl 512]}) 29... Nxe6 {[#]} (29... Bxe3 $11 30. Qxe3 Nxe6) 30. Nf5 $2 {[%mdl 8192]} (30. e5 $1 $16 {[%cal Re5d6][%mdl 512] is necessary to keep the advantage.} fxe5 31. Nf5) 30... Qc6 {[#]} ({Black should play} 30... Qd3 $1 {[%cal Rd3f3]} 31. Nh6+ {[%mdl 64] Discovered Attack} Kf8 32. Qxd3 cxd3 33. Bxe6 gxh6) 31. Qh5 (31. Nh6+ $142 $1 {[%mdl 512]} gxh6 32. Qxf6 {[%mdl 64] Double Attack}) 31... Bf8 $2 {[#]} (31... g6 $17 32. Qg4 Nf8 33. Nh6+ Kg7 34. Nf5+ Kh8) 32. Qf3 $4 {[%mdl 8192]} (32. Ne7+ $1 $18 {[%mdl 512] is the narrow road to win.} Bxe7 33. Bxe6+ Kh8 34. Qf7 Qxe6 35. Qxe6) 32... Bb7 33. Ne3 Nc7 34. Bf5 (34. Qd1 $17) 34... g6 $19 35. Ng4 $2 (35. Bh3 Qxe4 36. Qxe4 Bxe4 37. Bxf6) 35... Bg7 $2 ({Weaker is} 35... gxf5 36. Nxf6+ Kg7 37. Nd7+ Kg8 38. Qxf5 $11) (35... Ne8 36. Bxf6 gxf5 37. Qxf5 Qxe4 38. Qg5+ Qg6) 36. Bd7 Qxe4 37. Qxe4 Bxe4 38. Nxf6+ Kf7 39. Nxe4 {aiming for Bxg7.} Bxa1 {[%mdl 4096] Endgame KBN-KBN} 40. Bg4 (40. Bc6 $142) 40... Ke7 41. Kf1 Nd5 42. Bd1 Bb2 43. Ke2 Nb4 44. a3 $2 (44. a4) 44... Bxa3 45. Nc3 a6 46. Kd2 Nd3 47. f4 (47. Ke2 $142) 47... Bd6 48. Bf3 $2 (48. Nd5+ Ke6 49. Bf3) 48... Bb4 49. Ba8 Nc5 50. Kc2 Ba3 $2 (50... Bxc3 51. Kxc3 Kd6) 51. Nd5+ $2 (51. Nb1 Bb4 52. Bd5) 51... Kd6 52. Nf6 h5 53. Ne4+ $2 (53. Nd5) 53... Nxe4 54. Bxe4 {KB-KB} Bc5 55. Bxg6 Bf2 56. f5 Bxg3 {Black mates.} 57. f6 Bxh4 58. f7 Be7 59. Bxh5 Kc5 60. Kc3 Bf6+ 61. Kc2 Bg7 62. Bg4 a5 {[%cal Ba6a5,Ba5a4,Ba4a3][%mdl 32]} 63. Bd7 a4 64. Kb1 a3 65. Ka2 b4 66. Be6 Kd4 67. Bf5 Kc3 68. Be6 Bf8 {Accuracy: White = 43%, Black = 66%.} 0-1